| 000 | 00680nam a22001457a 4500 | ||
|---|---|---|---|
| 005 | 20241127111954.0 | ||
| 008 | 241127b |||||||| |||| 00| 0 eng d | ||
| 020 | _a9780406004970 | ||
| 245 |
_aLaw Reports of the Commonwealth 1991 _bConstitutional and Administrative Law Reports 1991 |
||
| 260 |
_aLondon, UK _bButterworths & Co. (Publishing) Ltd _c1992 |
||
| 300 |
_aliv, 1033 pages _c24 cm |
||
| 500 | _aGeneral Editors: Read James S. Prof. LL.B. of Gray’s Inn, Barrister. Slinn Peter E. M.A., PhD., Solicitor, England and Wales. Managing Editor: Edwards Radhika LL.B. of the Inner Temple, Barrister. | ||
| 650 |
_2Law Reports _xCommonwealth Nations |
||
| 942 |
_2lcc _cBK _n0 |
||
| 999 |
_c1594 _d1594 |
||